000 00741nam a2200229Ia 4500
001 10290
003 GE_BSU
008 181216s||||||||xx |||||||||||||| ||und||
040 _cGE_BSU
080 _a821.353.1–1
100 _aსტურუა,ლია
245 _aქართულის გაკვეთილები
245 _bლექსები
245 _cრედ.ლეილა ბექოშვილი.მხატვ.ე.ამაშუკელი
260 _aთბილისი
260 _bნაკადული
260 _c1984
300 _a52გვ.17სმ.
653 _aლექსები
653 _aქართულის გაკვეთილები
942 _cBK
999 _c43558
_d43558